00506nam a2200157 a 4500008004100000050002700041100001600068245011400084246002500198260003400223350000900257490002900266500001300295650001400308650002600322060926s2004 ||||||||||||||||| || u aKYO-UNI(05)ASM/04/25/2 aBerry, Sara10aReinventing the local? privatization, decentralization and the politics of resource managementcby Sara Berry aexamples from Africa aKyotobKyoto Universityc2004 a0.00 aAfrican Study Monographs app79-101 0aECONOMICS aPRIVATIZATION--AFRICA